Mad About Rockets, Stars, and Outer space! / (Record no. 2066)

MARC details
000 -LEADER
fixed length control field 01076nam a22002657a 4500
001 - CONTROL NUMBER
control field 2066
003 - CONTROL NUMBER IDENTIFIER
control field FISKH
005 - DATE AND TIME OF LATEST TRANSACTION
control field 20231103094024.0
008 - FIXED-LENGTH DATA ELEMENTS--GENERAL INFORMATION
fixed length control field 231103b cb ||||| |||| 00| 0 eng d
020 ## - INTERNATIONAL STANDARD BOOK NUMBER
International Standard Book Number 9781848790070
020 ## - INTERNATIONAL STANDARD BOOK NUMBER
International Standard Book Number 1848790074
040 ## - CATALOGING SOURCE
Original cataloging agency FISKH
Language of cataloging eng
Transcribing agency FISKH
Modifying agency FISKH
050 ## - LIBRARY OF CONGRESS CALL NUMBER
Classification number PZ7
082 ## - DEWEY DECIMAL CLASSIFICATION NUMBER
Edition number 428
100 ## - MAIN ENTRY--PERSONAL NAME
Personal name Creese, Sarah
245 ## - TITLE STATEMENT
Title Mad About Rockets, Stars, and Outer space! /
260 ## - PUBLICATION, DISTRIBUTION, ETC.
Place of publication, distribution, etc. Berkhamsted :
Name of publisher, distributor, etc. Make believes ideas,
Date of publication, distribution, etc. 2009.
300 ## - PHYSICAL DESCRIPTION
Extent 24 unnumbered pages :
Other physical details color illustrations ;
Dimensions 21 cm
505 ## - FORMATTED CONTENTS NOTE
Formatted contents note T<br/>
520 ## - SUMMARY, ETC.
Summary, etc. Mad About Rockets, Stars, and Outer Space is part of a fantastic new series of books designed to satisfy inquisitive minds and fuel children's curiosity about the world. With fast facts and stunning photography, this book is sure to entertain and fascinate young readers. Inside the book, children will also find a fun sticker activity spread, with two sheets of bright stickers.
521 8# - TARGET AUDIENCE NOTE
Target audience note 800<br/>
Source Lexile NC<br/>
521 8# - TARGET AUDIENCE NOTE
Target audience note T<br/>
Source Raz-Plus<br/>
650 ## - SUBJECT ADDED ENTRY--TOPICAL TERM
Topical term or geographic name entry element Space
Form subdivision Rockets
942 ## - ADDED ENTRY ELEMENTS (KOHA)
Source of classification or shelving scheme Dewey Decimal Classification
Koha item type Books
Suppress in OPAC No
Holdings
Withdrawn status Lost status Source of classification or shelving scheme Damaged status Not for loan Collection Home library Current library Shelving location Date acquired Total Checkouts Full call number Barcode Date last seen Price effective from Koha item type
    Dewey Decimal Classification     Non-Fiction Footprints International School Library Network Toul Kork Campus Footprints International School Library Network Toul Kork Campus A TK Campus, 4th Floor, Room B401, Non-Fiction Bookcases(7-8) 11/03/2023   CRE 428 PZ7 2023-0731 11/03/2023 11/03/2023 Books